| 000 | 00941nam a2200301 4500 | ||
|---|---|---|---|
| 003 | EG-GICUC | ||
| 005 | 20260406130330.0 | ||
| 008 | 260406s1919 -us||||fr|||| 00| 0 eng d | ||
| 040 |
_aEG-GiCUC _beng _cEG-GiCUC _dEG-GiCUC _erda |
||
| 041 | 0 | _aeng | |
| 082 | 0 | 4 |
_221 _a341.22 _bLA . S |
| 092 | 0 | 4 | _221 |
| 099 | _aLaw1 341.22 LA . S 1 ed - 1919 | ||
| 100 | 1 |
_aLawrence, T. J. _eAuthor. |
|
| 245 | 1 | 4 |
_aThe society of nations : _bits past, present, amd possible future / _cT. J. Lawrence. |
| 250 | _aFirst Edition | ||
| 264 | 1 |
_aNew York : _bOxford University Press, _c1919. |
|
| 300 |
_a194 pages ; _c24 cm |
||
| 336 |
_2rda content _atext |
||
| 337 |
_2rda media _aComputer |
||
| 338 |
_2rda carrier _aOnline Resource |
||
| 500 | _aIncludes index. | ||
| 546 | _aText in English | ||
| 650 | 1 | 4 | _aPublic international law |
| 856 | 4 | 0 | _uhttps://fll.law.cu.edu.eg/fulltext/bks/B11-05215.pdf |
| 905 | _a30 | ||
| 942 |
_2ddc _cBK _e21 _n0 |
||
| 999 |
_c69306 _d69306 |
||